Crisis management (Record no. 481)
[ view plain ]
| 000 -LEADER | |
|---|---|
| fixed length control field | 00803 a2200217 4500 |
| 008 - FIXED-LENGTH DATA ELEMENTS--GENERAL INFORMATION | |
| fixed length control field | 080820t xxu||||| |||| 00| 0 eng d |
| 010 ## - LIBRARY OF CONGRESS CONTROL NUMBER | |
| LC control number | ENG-84823 |
| 020 ## - INTERNATIONAL STANDARD BOOK NUMBER | |
| International Standard Book Number | 818116024X |
| Terms of availability | 795.00 |
| 035 ## - SYSTEM CONTROL NUMBER | |
| System control number | EN-68356 |
| 037 ## - SOURCE OF ACQUISITION | |
| Source of stock number/acquisition | D.B.Act / Pub |
| 082 ## - DEWEY DECIMAL CLASSIFICATION NUMBER | |
| Classification number | 658 |
| 100 ## - MAIN ENTRY--PERSONAL NAME | |
| Personal name | Gupta, M. P. |
| 245 ## - TITLE STATEMENT | |
| Title | Crisis management |
| Statement of responsibility, etc | by M. P. Gupta |
| 260 ## - PUBLICATION, DISTRIBUTION, ETC. (IMPRINT) | |
| Place of publication, distribution, etc | New Delhi |
| Name of publisher, distributor, etc | Maxford Books |
| Date of publication, distribution, etc | 2006. |
| 270 ## - ADDRESS | |
| Address | 4393/4, First Floor, Ansari Road, Darya Ganj, New Delhi |
| City | New Delhi |
| State or province | Delhi |
| Postal code | 110002 |
| Electronic mail address | maxfordbooks@hotmail.com |
| 300 ## - PHYSICAL DESCRIPTION | |
| Extent | vi, 285 p. ; |
| Dimensions | 21 cm. (Hb) |
| 500 ## - GENERAL NOTE | |
| General note | Includes bibliographical references |
| 650 ## - SUBJECT ADDED ENTRY--TOPICAL TERM | |
| Topical term or geographic name as entry element | Management |
| 942 ## - ADDED ENTRY ELEMENTS (KOHA) | |
| Institution code [OBSOLETE] | dpl |
| Koha item type | English Books |
| Call number prefix | 658 / GUP |
| Source of classification or shelving scheme | Dewey Decimal Classification |
| Classification part | 658 |
| Call number suffix | GUP |
| Withdrawn status | Lost status | Damaged status | Not for loan | Home library | Current library | Date acquired | Cost, normal purchase price | Total Checkouts | Full call number | Barcode | Date last seen | Copy number | Uniform Resource Identifier | Cost, replacement price | Price effective from | Koha item type |
|---|---|---|---|---|---|---|---|---|---|---|---|---|---|---|---|---|
| D.B.Act.Division | D.B.Act.Division | 20/08/2008 | 795.00 | 658 GUP | EN-68356 | 15/09/2008 | 1 | 505 | 795.00 | 15/09/2008 | English Books |
